| 000 | 00536nam a22001817a 4500 | ||
|---|---|---|---|
| 999 |
_c524888 _d524888 |
||
| 003 | NUST | ||
| 005 | 20190627054019.0 | ||
| 008 | 190627b ||||| |||| 00| 0 eng d | ||
| 038 | _aAttaullah | ||
| 082 | _a620.1 | ||
| 100 |
_aSana Fatima. _915688 |
||
| 245 |
_aIndependent Suspension System, Modeling and Analysis of Multi-axle Vehicle / _cSana Fatima. |
||
| 260 |
_aIslamabad. _bCEME - NUST. _c2018 |
||
| 300 |
_a46 p. _c30 cm. |
||
| 500 | _aHard Cover. | ||
| 600 |
_aMechanical Engineering - MS Thesis. _915652 |
||
| 942 |
_2ddc _cTHE |
||